LIBRARY ONLINE CATALOGUE

The Time shrinkers : (Record no. 12675)

MARC details
000 -LEADER
fixed length control field 00537nam a22001812 4500
001 - CONTROL NUMBER
control field 0000001974
005 - DATE AND TIME OF LATEST TRANSACTION
control field 20151217155814.0
008 - FIXED-LENGTH DATA ELEMENTS--GENERAL INFORMATION
fixed length control field 070329s xx 000 0 eng d
040 ## - CATALOGING SOURCE
Original cataloging agency KABU
Transcribing agency KABU
050 #0 - LIBRARY OF CONGRESS CALL NUMBER
Classification number HE9843
Item number .A3J66
100 1# - MAIN ENTRY--PERSONAL NAME
Personal name Jones, David.
-- 0000151105
245 14 - TITLE STATEMENT
Title The Time shrinkers :
Remainder of title the development of civil aviation between Britain and Africa.
260 ## - PUBLICATION, DISTRIBUTION, ETC. (IMPRINT)
Place of publication, distribution, etc. London :
Name of publisher, distributor, etc. D. Rendel,
Date of publication, distribution, etc. 1971.
300 ## - PHYSICAL DESCRIPTION
Extent xii, 271 p.
908 ## - PUT COMMAND PARAMETER (RLIN)
Put command parameter 070329
950 ## - LOCAL HOLDINGS (RLIN)
-- 1
Holdings
Withdrawn status Lost status Source of classification or shelving scheme Not for loan Home library Current library Date acquired Total Checkouts Full call number Barcode Date last seen Price effective from Koha item type
    Library of Congress Classification   Kabarak, Main Campus Kabarak, Main Campus 17/12/2015   HE9843 .A3J66 002851 17/12/2015 17/12/2015 Africana Collection